[Event "ODJM A 2024"]
[Site "Willingen GER"]
[Date "2024.05.20"]
[Round "3"]
[White "Niesel, Tobias"]
[Black "Wübker, Paul-Luca"]
[Result "0-1"]
[Termination "normal"]
[Board "1"]
[WhiteElo "1943"]
[BlackElo "2267"]
[WhiteClock "00:05:35"]
[BlackClock "00:27:52"]
[PlyCount "74"]
[WhiteFideId "12962155"]
[BlackFideId "12939528"]
[EventCountry "GER"]
[EventRounds "9"]
[EventType "swiss"]
[EventDate "2024.05.18"]

1. c4 {[%clk 01:30:56]} {[%emt 00:00:03]} Nf6 {[%clk 01:30:54]} {[%emt
00:00:06]} 2. g3 {[%clk 01:31:20]} {[%emt 00:00:07]} g6 {[%clk 01:31:17]}
{[%emt 00:00:07]} 3. Bg2 {[%clk 01:31:38]} {[%emt 00:00:12]} Bg7 {[%clk
01:31:40]} {[%emt 00:00:06]} 4. Nf3 {[%clk 01:31:01]} {[%emt 00:01:07]} O-O
{[%clk 01:31:51]} {[%emt 00:00:20]} 5. O-O {[%clk 01:31:25]} {[%emt 00:00:06]}
d5 {[%clk 01:28:34]} {[%emt 00:03:46]} 6. Qc2 {[%clk 01:30:56]} {[%emt
00:00:59]} c6 {[%clk 01:27:29]} {[%emt 00:01:36]} 7. d3 {[%clk 01:27:42]}
{[%emt 00:03:44]} a5 {[%clk 01:23:56]} {[%emt 00:04:03]} 8. a3 {[%clk
01:19:51]} {[%emt 00:08:20]} Na6 {[%clk 01:22:14]} {[%emt 00:02:12]} 9. Nbd2
{[%clk 01:10:53]} {[%emt 00:09:28]} Re8 {[%clk 01:18:59]} {[%emt 00:03:45]} 10.
Rb1 {[%clk 01:02:18]} {[%emt 00:09:05]} e5 {[%clk 01:14:15]} {[%emt 00:05:14]}
11. e4 {[%clk 00:59:42]} {[%emt 00:03:05]} dxe4 {[%clk 01:12:06]} {[%emt
00:02:40]} 12. Nxe4 {[%clk 01:00:06]} {[%emt 00:00:07]} Nxe4 {[%clk 01:03:30]}
{[%emt 00:09:05]} 13. dxe4 {[%clk 01:00:29]} {[%emt 00:00:08]} Nc5 {[%clk
01:03:45]} {[%emt 00:00:14]} 14. Be3 {[%clk 00:56:40]} {[%emt 00:04:19]} Ne6
{[%clk 00:55:20]} {[%emt 00:08:55]} 15. Rfd1 {[%clk 00:44:40]} {[%emt
00:12:29]} Nd4 {[%clk 00:54:41]} {[%emt 00:01:09]} 16. Nxd4 {[%clk 00:42:35]}
{[%emt 00:02:35]} exd4 {[%clk 00:55:04]} {[%emt 00:00:08]} 17. f4 {[%clk
00:36:24]} {[%emt 00:06:41]} c5 {[%clk 00:47:10]} {[%emt 00:08:24]} 18. Bf2
{[%clk 00:35:09]} {[%emt 00:01:45]} a4 {[%clk 00:45:13]} {[%emt 00:02:28]} 19.
b4 {[%clk 00:32:52]} {[%emt 00:02:46]} axb3 {[%clk 00:45:36]} {[%emt 00:00:07]}
20. Qxb3 {[%clk 00:32:30]} {[%emt 00:00:51]} Re6 {[%clk 00:44:26]} {[%emt
00:01:40]} 21. Rd3 {[%clk 00:23:31]} {[%emt 00:09:29]} Rea6 {[%clk 00:44:11]}
{[%emt 00:00:45]} 22. Be1 {[%clk 00:21:38]} {[%emt 00:02:23]} R8a7 {[%clk
00:43:38]} {[%emt 00:01:03]} 23. h3 {[%clk 00:16:14]} {[%emt 00:05:55]} Be6
{[%clk 00:42:56]} {[%emt 00:01:12]} 24. Bf1 {[%clk 00:14:20]} {[%emt 00:02:24]}
Ra4 {[%clk 00:42:38]} {[%emt 00:00:48]} 25. Rf3 {[%clk 00:14:29]} {[%emt
00:00:20]} Qc8 {[%clk 00:35:15]} {[%emt 00:07:54]} 26. g4 {[%clk 00:14:32]}
{[%emt 00:00:27]} Qc6 {[%clk 00:35:10]} {[%emt 00:00:34]} 27. f5 {[%clk
00:12:16]} {[%emt 00:02:47]} Bd7 {[%clk 00:33:26]} 28. fxg6 {[%clk 00:08:58]}
{[%emt 00:06:02]} hxg6 {[%clk 00:33:37]} 29. Qd3 {[%clk 00:08:18]} {[%emt
00:01:27]} Be6 {[%clk 00:30:21]} {[%emt 00:03:48]} 30. Qc2 {[%clk 00:07:16]}
{[%emt 00:01:33]} Rxa3 {[%clk 00:30:08]} {[%emt 00:00:43]} 31. Rxa3 {[%clk
00:07:37]} {[%emt 00:00:09]} Rxa3 {[%clk 00:30:31]} {[%emt 00:00:06]} 32. Qb2
{[%clk 00:07:36]} {[%emt 00:00:30]} Qxe4 {[%clk 00:27:37]} {[%emt 00:03:24]}
33. Bg2 {[%clk 00:06:52]} {[%emt 00:01:14]} Qd3 {[%clk 00:27:24]} {[%emt
00:00:43]} 34. Qxb7 {[%clk 00:06:44]} {[%emt 00:00:39]} Ra2 {[%clk 00:27:16]}
{[%emt 00:00:38]} 35. Bf1 {[%clk 00:04:57]} {[%emt 00:02:17]} Qe3+ {[%clk
00:27:27]} {[%emt 00:00:19]} 36. Kh1 {[%clk 00:05:21]} {[%emt 00:00:07]} Be5
{[%clk 00:27:32]} {[%emt 00:00:25]} 37. Qa8+ {[%clk 00:05:35]} {[%emt
00:00:16]} Rxa8 {[%clk 00:27:52]} {[%emt 00:00:10]} 0-1

[Event "ODJM A 2024"]
[Site "Willingen GER"]
[Date "2024.05.20"]
[Round "3"]
[White "Langner, Jasper"]
[Black "Grunert, Friedrich"]
[Result "1/2-1/2"]
[Termination "normal"]
[Board "2"]
[WhiteElo "1999"]
[BlackElo "1977"]
[WhiteClock "00:16:55"]
[BlackClock "00:44:52"]
[PlyCount "50"]
[WhiteFideId "16202554"]
[BlackFideId "12995592"]
[EventCountry "GER"]
[EventRounds "9"]
[EventType "swiss"]
[EventDate "2024.05.18"]

1. d4 {[%clk 01:30:55]} {[%emt 00:00:03]} d5 {[%clk 01:30:57]} {[%emt
00:00:04]} 2. c4 {[%clk 01:31:16]} {[%emt 00:00:08]} e6 {[%clk 01:31:24]}
{[%emt 00:00:05]} 3. Nf3 {[%clk 01:31:31]} {[%emt 00:00:13]} Nf6 {[%clk
01:31:50]} {[%emt 00:00:05]} 4. Nc3 {[%clk 01:31:48]} {[%emt 00:00:12]} Be7
{[%clk 01:32:17]} {[%emt 00:00:04]} 5. Bf4 {[%clk 01:32:07]} {[%emt 00:00:11]}
O-O {[%clk 01:32:28]} {[%emt 00:00:19]} 6. e3 {[%clk 01:32:33]} {[%emt
00:00:05]} c5 {[%clk 01:32:31]} {[%emt 00:00:27]} 7. dxc5 {[%clk 01:32:52]}
{[%emt 00:00:11]} Bxc5 {[%clk 01:32:56]} {[%emt 00:00:05]} 8. a3 {[%clk
01:33:09]} {[%emt 00:00:12]} Nc6 {[%clk 01:32:33]} {[%emt 00:00:54]} 9. Qc2
{[%clk 01:33:30]} {[%emt 00:00:09]} Re8 {[%clk 01:31:39]} {[%emt 00:01:23]} 10.
Rd1 {[%clk 01:32:35]} {[%emt 00:01:24]} e5 {[%clk 01:30:53]} {[%emt 00:01:18]}
11. Bg5 {[%clk 01:33:04]} d4 {[%clk 01:31:03]} {[%emt 00:00:21]} 12. Bd3 {[%clk
00:52:03]} {[%emt 00:41:29]} Qa5 {[%clk 01:00:57]} {[%emt 00:30:37]} 13. Bxf6
{[%clk 00:50:45]} {[%emt 00:01:47]} gxf6 {[%clk 01:00:45]} {[%emt 00:00:42]}
14. O-O {[%clk 00:49:33]} {[%emt 00:01:37]} dxc3 {[%clk 01:00:56]} {[%emt
00:00:25]} 15. b4 {[%clk 00:49:56]} {[%emt 00:00:06]} Bxb4 {[%clk 00:48:59]}
{[%emt 00:12:27]} 16. axb4 {[%clk 00:49:35]} {[%emt 00:00:50]} Nxb4 {[%clk
00:46:35]} {[%emt 00:02:55]} 17. Bxh7+ {[%clk 00:28:03]} {[%emt 00:22:02]} Kg7
{[%clk 00:46:49]} {[%emt 00:00:16]} 18. Qe4 {[%clk 00:28:19]} {[%emt 00:00:15]}
Rh8 {[%clk 00:46:46]} {[%emt 00:00:33]} 19. Bf5 {[%clk 00:26:34]} {[%emt
00:02:15]} Bxf5 {[%clk 00:45:56]} {[%emt 00:01:20]} 20. Qxf5 {[%clk 00:26:49]}
{[%emt 00:00:16]} c2 {[%clk 00:46:00]} {[%emt 00:00:26]} 21. Rd7 {[%clk
00:26:03]} {[%emt 00:01:16]} Rad8 {[%clk 00:43:40]} {[%emt 00:02:50]} 22. Rxf7+
{[%clk 00:15:43]} {[%emt 00:10:50]} Kxf7 {[%clk 00:44:06]} {[%emt 00:00:04]}
23. Ng5+ {[%clk 00:16:09]} {[%emt 00:00:04]} Kg7 {[%clk 00:44:29]} {[%emt
00:00:07]} 24. Ne6+ {[%clk 00:16:29]} {[%emt 00:00:09]} Kf7 {[%clk 00:44:52]}
{[%emt 00:00:07]} 25. Ng5+ {[%clk 00:16:55]} {[%emt 00:00:05]} Ra8 {[%emt
00:00:19]} 1/2-1/2

[Event "ODJM A 2024"]
[Site "Willingen GER"]
[Date "2024.05.20"]
[Round "3"]
[White "Drygala, Lars"]
[Black "Kruse, Victor"]
[Result "0-1"]
[Termination "normal"]
[Board "3"]
[WhiteElo "1994"]
[BlackElo "2030"]
[WhiteClock "00:22:03"]
[BlackClock "00:13:40"]
[PlyCount "46"]
[WhiteFideId "34617779"]
[BlackFideId "16256964"]
[EventCountry "GER"]
[EventRounds "9"]
[EventType "swiss"]
[EventDate "2024.05.18"]

1. d4 {[%clk 01:30:57]} {[%emt 00:00:03]} d5 {[%clk 01:30:42]} {[%emt
00:00:18]} 2. Bf4 {[%clk 01:31:06]} {[%emt 00:00:21]} c5 {[%clk 01:31:01]}
{[%emt 00:00:12]} 3. e3 {[%clk 01:31:23]} {[%emt 00:00:12]} Nc6 {[%clk
01:31:14]} {[%emt 00:00:17]} 4. Nf3 {[%clk 01:31:28]} {[%emt 00:00:25]} Bf5
{[%clk 01:28:37]} {[%emt 00:03:07]} 5. dxc5 {[%clk 01:24:11]} {[%emt 00:07:47]}
Bg4 {[%clk 01:05:13]} {[%emt 00:23:54]} 6. Bb5 {[%clk 01:14:59]} {[%emt
00:09:41]} f6 {[%clk 01:02:13]} {[%emt 00:03:30]} 7. Nc3 {[%clk 01:05:00]}
{[%emt 00:10:29]} e5 {[%clk 00:56:34]} {[%emt 00:06:09]} 8. Bg3 {[%clk
01:05:22]} {[%emt 00:00:08]} Nge7 {[%clk 00:45:29]} {[%emt 00:11:35]} 9. Qd2
{[%clk 01:02:25]} {[%emt 00:03:28]} Qd7 {[%clk 00:38:56]} {[%emt 00:07:03]} 10.
h3 {[%clk 00:58:54]} {[%emt 00:04:00]} Bh5 {[%clk 00:37:19]} {[%emt 00:02:08]}
11. Bh2 {[%clk 00:55:08]} {[%emt 00:04:15]} O-O-O {[%clk 00:33:15]} {[%emt
00:04:35]} 12. g4 {[%clk 00:46:34]} {[%emt 00:09:03]} Bf7 {[%clk 00:33:09]}
{[%emt 00:00:36]} 13. O-O-O {[%clk 00:45:25]} {[%emt 00:01:38]} h5 {[%clk
00:33:21]} {[%emt 00:00:19]} 14. Be2 {[%clk 00:39:38]} {[%emt 00:06:16]} hxg4
{[%clk 00:30:18]} {[%emt 00:03:34]} 15. hxg4 {[%clk 00:39:32]} {[%emt
00:00:36]} Be6 {[%clk 00:29:53]} {[%emt 00:00:54]} 16. g5 {[%clk 00:34:10]}
{[%emt 00:05:52]} Nf5 {[%clk 00:29:59]} {[%emt 00:00:25]} 17. Na4 {[%clk
00:31:18]} {[%emt 00:03:22]} e4 {[%clk 00:27:26]} {[%emt 00:03:03]} 18. Ne1
{[%clk 00:30:13]} {[%emt 00:01:34]} d4 {[%clk 00:27:08]} {[%emt 00:00:48]} 19.
Ng2 {[%clk 00:29:27]} {[%emt 00:01:16]} fxg5 {[%clk 00:15:45]} {[%emt
00:11:53]} 20. Bb5 {[%clk 00:24:49]} {[%emt 00:05:07]} Be7 {[%clk 00:15:05]}
{[%emt 00:01:10]} 21. exd4 {[%clk 00:21:56]} {[%emt 00:03:23]} Nfxd4 {[%clk
00:13:55]} {[%emt 00:01:40]} 22. Qe3 {[%clk 00:22:13]} {[%emt 00:00:14]} Rxh2
{[%clk 00:13:22]} {[%emt 00:01:04]} 23. Rxh2 {[%clk 00:22:03]} {[%emt
00:00:39]} Nb3+ {[%clk 00:13:40]} {[%emt 00:00:10]} 0-1

[Event "ODJM A 2024"]
[Site "Willingen GER"]
[Date "2024.05.20"]
[Round "3"]
[White "Gallasch, Robin"]
[Black "Kliashtornyi, Arkadii"]
[Result "1/2-1/2"]
[Termination "normal"]
[Board "4"]
[WhiteElo "2119"]
[BlackElo "1968"]
[WhiteClock "00:01:38"]
[BlackClock "00:07:12"]
[PlyCount "117"]
[WhiteFideId "16222423"]
[BlackFideId "34119698"]
[EventCountry "GER"]
[EventRounds "9"]
[EventType "swiss"]
[EventDate "2024.05.18"]

1. e4 {[%clk 01:30:23]} {[%emt 00:00:35]} c6 {[%clk 01:30:46]} {[%emt
00:00:15]} 2. d4 {[%clk 01:30:46]} {[%emt 00:00:06]} d5 {[%clk 01:31:13]}
{[%emt 00:00:04]} 3. Nc3 {[%clk 01:31:11]} {[%emt 00:00:05]} dxe4 {[%clk
01:31:38]} {[%emt 00:00:06]} 4. Nxe4 {[%clk 01:31:36]} {[%emt 00:00:04]} Nf6
{[%clk 01:32:05]} {[%emt 00:00:03]} 5. Nxf6+ {[%clk 01:31:59]} {[%emt
00:00:07]} exf6 {[%clk 01:32:31]} {[%emt 00:00:04]} 6. c3 {[%clk 01:32:22]}
{[%emt 00:00:06]} Bd6 {[%clk 01:32:52]} {[%emt 00:00:10]} 7. Bd3 {[%clk
01:32:46]} {[%emt 00:00:06]} O-O {[%clk 01:32:40]} {[%emt 00:00:42]} 8. Qc2
{[%clk 01:30:38]} {[%emt 00:02:38]} Re8+ {[%clk 01:32:50]} {[%emt 00:00:20]} 9.
Ne2 {[%clk 01:31:03]} {[%emt 00:00:05]} h5 {[%clk 01:33:14]} {[%emt 00:00:06]}
10. O-O {[%clk 01:31:27]} {[%emt 00:00:05]} Nd7 {[%clk 01:33:17]} {[%emt
00:00:27]} 11. Bd2 {[%clk 01:27:29]} {[%emt 00:04:29]} Qc7 {[%clk 01:31:12]}
{[%emt 00:02:34]} 12. g3 {[%clk 01:20:50]} {[%emt 00:07:09]} Nf8 {[%clk
01:23:01]} {[%emt 00:08:41]} 13. Nf4 {[%clk 01:18:16]} {[%emt 00:03:03]} h4
{[%clk 01:20:45]} {[%emt 00:02:47]} 14. Rae1 {[%clk 01:05:20]} {[%emt
00:13:26]} Bd7 {[%clk 01:08:02]} {[%emt 00:13:14]} 15. Qd1 {[%clk 00:37:10]}
{[%emt 00:28:40]} Qa5 {[%clk 00:56:02]} {[%emt 00:12:29]} 16. Bc4 {[%clk
00:27:54]} {[%emt 00:09:45]} Bxf4 {[%clk 00:48:11]} {[%emt 00:08:22]} 17. Bxf4
{[%clk 00:28:00]} {[%emt 00:00:23]} Bh3 {[%clk 00:46:17]} {[%emt 00:02:25]} 18.
Rxe8 {[%clk 00:27:40]} {[%emt 00:00:50]} Rxe8 {[%clk 00:45:33]} {[%emt
00:01:15]} 19. Re1 {[%clk 00:27:36]} {[%emt 00:00:33]} Qh5 {[%clk 00:36:26]}
{[%emt 00:09:36]} 20. Be3 {[%clk 00:26:17]} {[%emt 00:01:49]} Bg4 {[%clk
00:26:05]} {[%emt 00:10:50]} 21. Be2 {[%clk 00:25:50]} {[%emt 00:00:58]} Bxe2
{[%clk 00:23:22]} {[%emt 00:03:14]} 22. Qxe2 {[%clk 00:26:13]} {[%emt
00:00:06]} Qxe2 {[%clk 00:18:08]} {[%emt 00:05:44]} 23. Rxe2 {[%clk 00:26:38]}
{[%emt 00:00:05]} hxg3 {[%clk 00:18:34]} {[%emt 00:00:04]} 24. hxg3 {[%clk
00:27:04]} {[%emt 00:00:04]} Ne6 {[%clk 00:14:21]} {[%emt 00:04:43]} 25. f3
{[%clk 00:26:38]} {[%emt 00:00:55]} Rd8 {[%clk 00:11:32]} {[%emt 00:03:20]} 26.
Kf2 {[%clk 00:26:12]} {[%emt 00:00:55]} Kf8 {[%clk 00:11:48]} {[%emt 00:00:15]}
27. Rd2 {[%clk 00:25:02]} {[%emt 00:01:39]} Ke7 {[%clk 00:11:40]} {[%emt
00:00:39]} 28. c4 {[%clk 00:24:57]} {[%emt 00:00:34]} Nc7 {[%clk 00:11:38]}
{[%emt 00:00:32]} 29. Rd3 {[%clk 00:19:21]} {[%emt 00:06:06]} Rd7 {[%clk
00:09:26]} {[%emt 00:02:43]} 30. Bd2 {[%clk 00:18:28]} {[%emt 00:01:22]} b6
{[%clk 00:07:34]} {[%emt 00:02:24]} 31. Bc3 {[%clk 00:15:21]} {[%emt 00:03:37]}
Kd8 {[%clk 00:06:47]} {[%emt 00:01:17]} 32. Ke2 {[%clk 00:15:12]} {[%emt
00:00:38]} Kc8 {[%clk 00:05:24]} {[%emt 00:01:54]} 33. f4 {[%clk 00:10:45]}
{[%emt 00:04:57]} Ne6 {[%clk 00:03:57]} {[%emt 00:01:57]} 34. f5 {[%clk
00:09:31]} {[%emt 00:01:44]} Nc7 {[%clk 00:03:43]} {[%emt 00:00:45]} 35. Re3
{[%clk 00:09:18]} {[%emt 00:00:41]} Kd8 {[%clk 00:03:39]} {[%emt 00:00:34]} 36.
g4 {[%clk 00:08:35]} {[%emt 00:01:12]} Ne8 {[%clk 00:03:28]} {[%emt 00:00:43]}
37. b3 {[%clk 00:06:46]} {[%emt 00:02:19]} Re7 {[%clk 00:02:17]} {[%emt
00:01:41]} 38. Rxe7 {[%clk 00:07:09]} {[%emt 00:00:08]} Kxe7 {[%clk 00:02:46]}
39. Ke3 {[%clk 00:06:53]} {[%emt 00:00:45]} g6 {[%clk 00:02:36]} {[%emt
00:00:41]} 40. Bb4+ {[%clk 00:07:11]} {[%emt 00:00:12]} Kd7 {[%clk 00:02:24]}
{[%emt 00:00:42]} 41. Ke4 {[%clk 00:04:21]} {[%emt 00:03:20]} Nc7 {[%clk
00:27:24]} {[%emt 00:05:30]} 42. Bd2 {[%clk 00:30:33]} {[%emt 00:04:17]} Ne8
{[%clk 00:27:06]} {[%emt 00:00:50]} 43. Bf4 {[%clk 00:30:55]} {[%emt 00:00:07]}
Ng7 {[%clk 00:24:45]} {[%emt 00:02:51]} 44. b4 {[%clk 00:28:52]} {[%emt
00:02:33]} Ne8 {[%clk 00:23:17]} {[%emt 00:01:59]} 45. a4 {[%clk 00:23:42]}
{[%emt 00:05:40]} a6 {[%clk 00:21:27]} {[%emt 00:02:20]} 46. c5 {[%clk
00:18:06]} {[%emt 00:06:07]} bxc5 {[%clk 00:13:23]} {[%emt 00:08:34]} 47. bxc5
{[%clk 00:18:15]} {[%emt 00:00:20]} Ng7 {[%clk 00:13:34]} {[%emt 00:00:18]} 48.
Bh6 {[%clk 00:11:32]} {[%emt 00:07:11]} Ne8 {[%clk 00:13:05]} {[%emt 00:01:02]}
49. d5 {[%clk 00:09:45]} {[%emt 00:02:17]} Nc7 {[%clk 00:07:25]} {[%emt
00:06:10]} 50. dxc6+ {[%clk 00:07:22]} {[%emt 00:02:53]} Kxc6 {[%clk 00:07:53]}
{[%emt 00:00:02]} 51. Kd4 {[%clk 00:07:42]} {[%emt 00:00:09]} gxf5 {[%clk
00:07:01]} {[%emt 00:01:24]} 52. gxf5 {[%clk 00:08:04]} {[%emt 00:00:08]} a5
{[%clk 00:07:09]} {[%emt 00:00:22]} 53. Kc4 {[%clk 00:03:44]} {[%emt 00:04:48]}
Na6 {[%clk 00:07:13]} {[%emt 00:00:27]} 54. Be3 {[%clk 00:03:54]} {[%emt
00:00:19]} Nc7 {[%clk 00:06:48]} {[%emt 00:00:56]} 55. Bd2 {[%clk 00:04:00]}
{[%emt 00:00:24]} Na6 {[%clk 00:07:10]} {[%emt 00:00:07]} 56. Be3 {[%clk
00:02:57]} {[%emt 00:01:34]} Nc7 {[%clk 00:07:36]} {[%emt 00:00:04]} 57. Bd4
{[%clk 00:01:38]} {[%emt 00:01:47]} Na6 {[%clk 00:07:12]} {[%emt 00:00:55]} 58.
Bf2 {[%emt 00:01:35]} Nc7 {[%emt 00:00:03]} 59. Be3 {[%emt 00:00:02]} 1/2-1/2

[Event "ODJM A 2024"]
[Site "Willingen GER"]
[Date "2024.05.20"]
[Round "3"]
[White "Zobel, Christian"]
[Black "Bock, Marlon"]
[Result "1/2-1/2"]
[Termination "normal"]
[Board "6"]
[WhiteElo "2013"]
[BlackElo "2049"]
[WhiteClock "00:42:36"]
[BlackClock "00:26:25"]
[PlyCount "40"]
[WhiteFideId "16259068"]
[BlackFideId "16244931"]
[EventCountry "GER"]
[EventRounds "9"]
[EventType "swiss"]
[EventDate "2024.05.18"]

1. d4 {[%clk 01:30:47]} {[%emt 00:00:12]} d5 {[%clk 01:30:56]} {[%emt
00:00:05]} 2. c4 {[%clk 01:31:12]} {[%emt 00:00:06]} dxc4 {[%clk 01:31:22]}
{[%emt 00:00:04]} 3. Nf3 {[%clk 01:31:27]} {[%emt 00:00:14]} e6 {[%clk
01:31:46]} {[%emt 00:00:07]} 4. e3 {[%clk 01:31:38]} {[%emt 00:00:18]} c5
{[%clk 01:32:11]} {[%emt 00:00:05]} 5. Bxc4 {[%clk 01:31:38]} {[%emt 00:00:31]}
a6 {[%clk 01:32:30]} {[%emt 00:00:11]} 6. O-O {[%clk 01:31:26]} {[%emt
00:00:41]} Nf6 {[%clk 01:32:48]} {[%emt 00:00:11]} 7. Nc3 {[%clk 01:29:51]}
{[%emt 00:02:05]} b5 {[%clk 01:29:36]} {[%emt 00:03:43]} 8. Be2 {[%clk
01:29:34]} {[%emt 00:00:47]} Bb7 {[%clk 01:28:57]} {[%emt 00:01:09]} 9. a3
{[%clk 01:25:47]} {[%emt 00:04:17]} Nc6 {[%clk 01:23:36]} {[%emt 00:05:51]} 10.
dxc5 {[%clk 01:23:19]} {[%emt 00:02:58]} Bxc5 {[%clk 01:22:22]} {[%emt
00:01:44]} 11. b4 {[%clk 01:23:12]} {[%emt 00:00:37]} Bb6 {[%clk 01:16:17]}
{[%emt 00:06:36]} 12. Qb3 {[%clk 01:20:39]} {[%emt 00:03:03]} Qe7 {[%clk
01:14:30]} {[%emt 00:02:17]} 13. Rb1 {[%clk 01:18:12]} {[%emt 00:02:57]} O-O
{[%clk 00:57:59]} {[%emt 00:17:01]} 14. a4 {[%clk 01:15:08]} {[%emt 00:03:34]}
Na7 {[%clk 00:55:35]} {[%emt 00:02:54]} 15. axb5 {[%clk 01:09:42]} {[%emt
00:05:56]} Nxb5 {[%clk 00:55:18]} {[%emt 00:00:47]} 16. Nxb5 {[%clk 01:08:43]}
{[%emt 00:01:30]} axb5 {[%clk 00:55:43]} {[%emt 00:00:04]} 17. Bxb5 {[%clk
01:08:28]} {[%emt 00:00:45]} Bxf3 {[%clk 00:54:02]} {[%emt 00:02:12]} 18. gxf3
{[%clk 01:08:36]} {[%emt 00:00:22]} Bc7 {[%clk 00:40:33]} {[%emt 00:13:59]} 19.
Be2 {[%clk 00:49:11]} {[%emt 00:19:55]} Rfb8 {[%clk 00:35:33]} {[%emt
00:05:30]} 20. b5 {[%clk 00:42:36]} {[%emt 00:07:05]} Qc5 {[%clk 00:26:25]}
{[%emt 00:09:38]} 1/2-1/2

[Event "ODJM A 2024"]
[Site "Willingen GER"]
[Date "2024.05.20"]
[Round "3"]
[White "Limberg, Thomas"]
[Black "Brockhoff, Moritz"]
[Result "0-1"]
[Termination "normal"]
[Board "7"]
[WhiteElo "1783"]
[BlackElo "2013"]
[WhiteClock "00:11:44"]
[BlackClock "01:05:22"]
[PlyCount "54"]
[WhiteFideId "16226755"]
[BlackFideId "16214927"]
[EventCountry "GER"]
[EventRounds "9"]
[EventType "swiss"]
[EventDate "2024.05.18"]

1. d4 {[%clk 01:30:55]} {[%emt 00:00:03]} Nf6 {[%clk 01:30:53]} {[%emt
00:00:07]} 2. c4 {[%clk 01:31:07]} {[%emt 00:00:19]} c5 {[%clk 01:31:14]}
{[%emt 00:00:09]} 3. Nf3 {[%clk 01:31:11]} {[%emt 00:00:25]} cxd4 {[%clk
01:31:32]} {[%emt 00:00:12]} 4. Nxd4 {[%clk 01:31:31]} {[%emt 00:00:10]} e5
{[%clk 01:31:06]} {[%emt 00:00:57]} 5. Nc2 {[%clk 01:30:26]} {[%emt 00:01:34]}
d5 {[%clk 01:30:17]} {[%emt 00:01:20]} 6. cxd5 {[%clk 01:26:05]} {[%emt
00:04:51]} Qxd5 {[%clk 01:30:41]} {[%emt 00:00:05]} 7. Qxd5 {[%clk 01:23:15]}
{[%emt 00:03:21]} Nxd5 {[%clk 01:31:05]} {[%emt 00:00:05]} 8. e4 {[%clk
01:23:33]} {[%emt 00:00:12]} Nb4 {[%clk 01:31:31]} {[%emt 00:00:04]} 9. Nxb4
{[%clk 01:19:08]} {[%emt 00:04:56]} Bxb4+ {[%clk 01:31:56]} {[%emt 00:00:04]}
10. Bd2 {[%clk 01:19:30]} {[%emt 00:00:08]} Bxd2+ {[%clk 01:32:23]} {[%emt
00:00:03]} 11. Nxd2 {[%clk 01:19:54]} {[%emt 00:00:06]} Nc6 {[%clk 01:32:48]}
{[%emt 00:00:05]} 12. Bc4 {[%clk 01:15:49]} {[%emt 00:04:34]} O-O {[%clk
01:33:12]} {[%emt 00:00:07]} 13. Nf1 {[%clk 01:09:05]} {[%emt 00:07:14]} Rd8
{[%clk 01:30:05]} {[%emt 00:03:37]} 14. Rd1 {[%clk 01:00:53]} {[%emt 00:08:43]}
Rd4 {[%clk 01:20:19]} {[%emt 00:10:16]} 15. Rxd4 {[%clk 00:51:10]} {[%emt
00:10:13]} exd4 {[%clk 01:20:29]} {[%emt 00:00:19]} 16. f4 {[%clk 00:51:14]}
{[%emt 00:00:25]} Be6 {[%clk 01:19:08]} {[%emt 00:01:52]} 17. Bxe6 {[%clk
00:42:53]} {[%emt 00:08:51]} fxe6 {[%clk 01:19:14]} {[%emt 00:00:24]} 18. Kd2
{[%clk 00:43:14]} {[%emt 00:00:10]} e5 {[%clk 01:07:25]} {[%emt 00:12:19]} 19.
fxe5 {[%clk 00:32:35]} {[%emt 00:11:08]} Rf8 {[%clk 01:07:18]} {[%emt
00:00:37]} 20. Ke2 {[%clk 00:27:50]} {[%emt 00:05:15]} Nxe5 {[%clk 01:07:01]}
{[%emt 00:00:47]} 21. Nd2 {[%clk 00:25:20]} {[%emt 00:02:59]} d3+ {[%clk
01:06:32]} {[%emt 00:01:00]} 22. Ke3 {[%clk 00:19:49]} Ng4+ {[%clk 01:06:01]}
{[%emt 00:07:01]} 23. Kd4 {[%clk 00:20:08]} {[%emt 00:00:11]} Rd8+ {[%clk
01:05:51]} {[%emt 00:00:41]} 24. Kc3 {[%clk 00:19:50]} {[%emt 00:00:48]} Rc8+
{[%clk 01:06:16]} {[%emt 00:00:05]} 25. Kd4 {[%clk 00:16:39]} {[%emt 00:03:41]}
Rc2 {[%clk 01:06:37]} {[%emt 00:00:08]} 26. Nc4 {[%clk 00:13:33]} {[%emt
00:03:37]} d2 {[%clk 01:04:59]} {[%emt 00:02:08]} 27. Rd1 {[%clk 00:11:44]}
{[%emt 00:02:19]} Rxc4+ {[%clk 01:05:22]} {[%emt 00:00:07]} 0-1